000 00719nam a2200265Ia 4500
003 OSt
005 20221005033953.0
006 a|||||r|||| 00| 0
007 ta
008 221004b |||||||| |||| 00| 0 eng d
020 _a8185133522
024 _a23158
037 _cTextual
040 _aCRL
_cCRL
_beng
041 _2eng
_aeng
082 _aQ4, N2;1
100 _aSobti Harrcharan Singh Ed.
_9586523
245 0 _aVipassana
_b The Bhuddhist way based on Pali sources
260 _aDelhi
_bEastern Book Linkers India
_c1992
300 _a181p.
_ccm.
650 _a BUDDHISM
650 _aRELIGION
942 _hQ4, N2;1
_cTEXL
_2cc
999 _c942415
_d942415